000 00449nam a2200157 4500
001 137741
003 ES-MaACL
005 20230906195430.0
007 t|
008 070214s1960 sp r ||||1| spa d
100 1 _aSalicrĂș Puigvert, Carlos.
_9101919
245 1 0 _aMoral y Arte /
_cDr. Carlos SalicrĂș Puigvert, Pbro.
260 _aBarcelona :
_bLa Hormiga de Oro,
_c1960.
300 _a451 p. ;
_c18 cm.
852 _aES-MaACL
_jC-19705
_bR.47139
999 _c137741
_d137741